Responses for show #4682 - Tuesday, January 4, 2005

Kerry Breitenbach game 3.

Contestants

[<< previous game]

Inez Friedman-Boyce, an attorney from Newton, Massachusetts

Chris Mullins, a computer programmer from Louisville, Kentucky

Kerry Breitenbach, a marketing analyst from South Euclid, Ohio (whose 2-day cash winnings total $28,300)

[next game >>]

Jeopardy! Round responses

THE STARS
PLANETS ON EARTH
FIRST NAME'S THE SAME
GOVERNMENT & POLITICS
THE KING
SOUNDS LIKE A PRESCRIPTION DRUG
    $200 6
Leo

Chris
    $200 26
France

Kerry
    $200 11
Suzanne

Kerry
    $200 21
a dissent

Chris
    $200 16
Broadway

Chris
    $200 1
a codicil

Kerry
    $400 7
Ursa Major

Kerry
    $400 27
Pennsylvania

Chris
    $400 12
Jerry

Chris
    $400 22
constituents

Kerry
    $400 17
Sousa

Chris
    $400 2
(Alex: I take it just before bedtime!)

Benelux

Kerry
    $600 8
[ERRATUM: The clue calls for the star; Inez's response was accepted out of error, but this did not affect the game's outcome.]

Capella (a cappella accepted)

Inez
    $600 28
Florida

Inez
    $600 13
Lily

Inez
    $1,000 23
FEMA

Kerry
    $600 18
Michael Milken

Inez
    $600 3
a bivouac

Inez
    $800 9
Castor

Kerry
    $800 29
(Kerry: What is British Columbia?)

Saskatchewan

KerryChris
    $800 14
George

Chris
    $800 24
appropriations

Kerry
    $800 19
Billie Jean King

Chris
    $800 4
Artemis

Kerry
    $1000 10
Betelgeuse

Kerry
    $1000 30
Luzon

Chris
    $1000 15
(Inez: What is...)
(Chris: What is Lionel?)
(Kerry: What is Xaviandra?)

Nicole

KerryChrisInez
Triple Stumper
    $1000 25
Russ Feingold

Inez
    $1000 20
torts

Chris
    $1000 5
(Inez: What is Borneo?)

Sumatra

ChrisInez

Scores at the first commercial break (after clue 15):

Kerry Chris Inez
$2,800 $1,400 -$200

Scores at the end of the Jeopardy! Round:

Kerry Chris Inez
$4,400 $6,200 $2,000

Double Jeopardy! Round responses

FIRST LADIES
ROBERT DE NIRO MOVIES
LITERARY SHORTS
TAKE THE KIDS!
IF AT FIRST YOU DON'T SECEDE...
TRY "TRI" AGAIN
    $400 9
Lady Bird Johnson

Chris
    $400 4
Raging Bull

Chris
    $400 13
The Rime of the Ancient Mariner

Kerry
    $400 21
Australia

Chris
    $400 18
South Carolina

Chris
    $400 1
the triceps

Kerry
    $800 10
Edith

Kerry
    $800 5
Taxi Driver

Inez
    $800 14
Lolita

Kerry
    $800 25
the Loch Ness monster

Kerry
    $800 19
Quebec

Kerry
    $800 2
a triathlon

Kerry
    $1200 23
Dolley Madison

Kerry
    $1200 6
Analyze This

Inez
    $1200 15
Equus

Chris
    $1200 26
(Chris: What is Sweden?)

Denmark

Chris
Triple Stumper
    $1200 20
Singapore

Kerry
    $1200 3
Triassic

Chris
    $1600 24
Mamie Eisenhower

Kerry
    $1600 7
The King of Comedy

Chris
    $1600 16
The Admirable Crichton

Triple Stumper
    $1600 27
Belgium

Inez
    $2,500 22
(Alex: [*], seceding from Columbia, correct.)

Panama

Chris
    $1600 11
a tribunal

Inez
    $5,600 30
(Alex: Hey, way to go! That's good! And that takes you to $26,800, and you have more than twice as much money as Chris; I assume that's why you made that particular wager.)

Bess Truman

Kerry
    $2000 8
(Alex: And I thought I did that reading so very well.)

Cape Fear

Triple Stumper
    $2000 17
A Modest Proposal

Kerry
    $2000 28
the Bois de Boulogne

Kerry
    $2000 29
Eritrea

Kerry
    $2000 12
a triumvirate

Kerry

Scores at the end of the Double Jeopardy! Round:

Kerry Chris Inez
$26,800 $13,100 $7,200
(lock game)

[wagering suggestions for these scores]

Final Jeopardy! Round responses

TECHNOLOGY
InezWhat is stainless steel?
$1,000
ChrisWhat is stainless steel?
$1,400
KerryWhat is stainless steel
$500
stainless steel

Final scores:

Kerry Chris Inez
$27,300 $14,500 $8,200
3-day champion: $55,600 2nd place: $2,000 3rd place: $1,000

Game dynamics:

Coryat scores:

Kerry Chris Inez
$22,800 $12,200 $7,200
26 R
(including 2 DDs),
2 W
20 R
(including 1 DD),
2 W
10 R,
2 W

Combined Coryat: $42,200

The J! Archive is created by fans, for fans. The Jeopardy! game show and all elements thereof, including but not limited to copyright and trademark thereto, are the property of Jeopardy Productions, Inc. and are protected under law. This website is not affiliated with, sponsored by, or operated by Jeopardy Productions, Inc. Join the discussion at JBoard.tv.